Polskie kluby piłkarskie - Statystyki

Ogólne statystyki
  • Ten quiz został rozwiązany 274 razy
  • Średni wynik to 4 z 15
Statystyki odpowiedzi
Miasto Klub % Poprawnych
Warszawa Polonia
84%
Pruszków Znicz
84%
Kraków Cracovia
80%
Nowy Sącz Sandecja
75%
Rzeszów Stal
75%
Gdynia Arka
22%
Chorzów Ruch
6%
Sosnowiec Zagłębie
4%
Lublin Motor
3%
Legnica Miedź
2%
Radom Radomiak
2%
Częstochowa Skra
1%
Nieciecza Termalica
1%
Suwałki Wigry
1%
Grudziądz Olimpia
0%
Nie znaleziono quizów pasujących do podanych kryteriów
Rozkład punktacji
Procent ludzi z każdym wynikiem
Percentyl według liczby udzielonych odpowiedzi
Twoja historia wyników
Nie rozwiązałeś tego quizu